Music Quiz

Random Music or Billboard Quiz

Song Titles 'Again' Quiz Stats

 Plays Quiz Updated Aug 6, 2018

Also try: 'Your' Song Titles
Challenge
Share
Tweet
Embed
Score 0/24 Timer 04:00
8 Plays Today
% Correct
Did
92.5%
See
92.2%
Road
91.6%
Never
89.3%
Rain
89.2%
Go
87.4%
Fooled
83.8%
Raining
81.7%
Said
81.7%
Saw
81.6%
High
81.2%
Feeling
75.4%
% Correct
Twist
75.2%
Do
74.6%
Naturally
70.1%
Home
69.3%
Just
66%
Come
63.6%
Around
53.2%
Together
51.2%
Hello
49.9%
Pass
48.8%
Dance
43.1%
Breathe
42.4%

You're not logged in!

Compare scores with friends on all Sporcle quizzes.
OR
Log In

You Might Also Like...

Show Comments

Extras

Top Quizzes Today


Score Distribution

Your Account Isn't Verified!

In order to create a playlist on Sporcle, you need to verify the email address you used during registration. Go to your Sporcle Settings to finish the process.

Report this User

Report this user for behavior that violates our Community Guidelines.

Details: